00362cam a22001217a 4500008004000000082001800040100002100058245005300079260003600132300001000168650004100178650002100219180718b1995 xxu||||| |||| 00| 0 eng d aA6x5451 L977h aLuther, Narendra aHyderabad: memoirs of a citycby Narendra Luther aHyderabadbOrient Longmanc1995 a431p. aCities and towns - India - Hyderabad aCities and towns